00704nam a2200181 a 450000100100000000500170001000800410002704000250006810000270009324000390012024501200015926000610027930000200034070000310036004900090039195201050040099900170050500002902420200930055301.0110406s1993 dr a 000 0 spa d aDO-SdBNPbspacBNPHU1 aArbaje, Maritza95594110aKonsey pou evite maladi seksyel yo10aConsejo evitar las enfermedades del corazón y de la circulación /cMaritza Arbaje ; traducción Beneco Enecia. a[Santo Domingo] :bServicios Gráficos Oriental,c1993. a47 p. ;c28 cm.1 aEnecia, Benecoetr.955942 aBNPD 0010718PDaPDbPDcCTd2011-04-13iLF1l0o p29024-10r2020-06-25w2020-06-25yLFPDZNo se presta c28516d28516